Finish the Movie Title VIII Quiz Stats

 Plays Quiz Updated Aug 30, 2017

Challenge
Share
Tweet
Embed
Score 0/40 Timer 05:00
5 Plays Today
Start of Title Last Word % Correct
Jurassic...Park
98.6%
The Da Vinci...Code
98.1%
The Shawshank...Redemption
97.8%
The 40-Year-Old...Virgin
96.9%
The Spy Next...Door
95.9%
Slumdog...Millionaire
95.5%
The Texas Chainsaw...Massacre
94.9%
No Strings...Attached
94.9%
Kiss Kiss Bang...Bang
94.1%
Who Framed Roger...Rabbit
94%
I Know What You Did Last...Summer
93.4%
50 First...Dates
92.8%
The Day After...Tomorrow
92.7%
Black Hawk...Down
92.5%
A Clockwork...Orange
90.5%
Not Another Teen...Movie
90.2%
Starsky &...Hutch
89.1%
The Bounty...Hunter
88.8%
Shutter...Island
88.3%
The Italian...Job
87.7%
Start of Title Last Word % Correct
Napoleon...Dynamite
87.6%
Pineapple...Express
86.7%
Kindergarten...Cop
86.4%
The Amityville...Horror
83.8%
Quantum of...Solace
83.6%
The King's...Speech
83.6%
The Scorpion...King
83.4%
Rosemary's...Baby
83%
Me, Myself &...Irene
81.4%
Sausage...Party
79.2%
Mona Lisa...Smile
78.6%
I Now Pronounce You Chuck &...Larry
78.4%
Fun with Dick And...Jane
78.3%
The Stepford...Wives
77.7%
Harold and Kumar Go to White...Castle
75.1%
3:10 to...Yuma
69.5%
Drag Me to...Hell
68.9%
The Adjustment...Bureau
64.9%
All About...Eve
62%
Baby...Driver
57.4%

You're not logged in!

Compare scores with friends on all Sporcle quizzes.
OR
Log In

You Might Also Like...

Show Comments

Extras

Top Quizzes Today


Score Distribution

Your Account Isn't Verified!

In order to create a playlist on Sporcle, you need to verify the email address you used during registration. Go to your Sporcle Settings to finish the process.

Report this User

Report this user for behavior that violates our Community Guidelines.

Details: